000 00395nam a2200133Ia 4500
008 191111s9999 xx 000 0 und d
020 _a9781499434934
100 _aHardyman, Robyn.
245 _cRobyn Hardyman.--
_aUnderstanding stocks and investing /
260 _aUSA :
_bThe Rosen Publishing Group, Inc.
_c2018
300 _a32 pages.
650 _aFinance, Personal
650 _aInvestments
999 _c362651
_d362651